Statistics for Italy Multiple Choice

Click here to take the quiz!

General Stats

  • This quiz has been taken 21,901 times
  • The average score is 12 of 15

Answer Stats

Question Answer % Correct
What are the colors of the Italian flag?Red, White, and Green
97%
Which of the following is NOT an Italian cheese?Camembert
92%
Who painted the ceiling of the Sistine Chapel?Michelangelo
91%
Which of these countries is geographically closest to Italy (as the crow flies)?Croatia
83%
Is Florence on the coast?No
81%
Who among the following was NOT a Roman emperor?Tamerlane
80%
What city did Christopher Columbus hail from?Genoa
80%
Is Italian an official language in any other country besides Italy?Yes
80%
What does the Italian word pomodoro mean?Tomato
77%
Which of these cities is furthest north?Venice
76%
Which of these volcanos is NOT in Italy?Mount Teide
75%
What happens at La Scala?Operas
69%
Who was Federico Fellini?a Film Director
66%
What is a duomo?a Church
62%
Which of these things WASN'T invented in Italy?Movie camera
60%

Score Distribution

Percentile by Number Answered

Percent of People with Each Score

Your Score History

You have not taken this quiz